|
|
|
|
| LEADER |
00000nam0a2200000 4500 |
| 001 |
317281 |
| 005 |
20231102002946.0 |
| 035 |
|
|
|a (RuTPU)RU\TPU\book\342749
|
| 090 |
|
|
|a 317281
|
| 100 |
|
|
|a 20160406d1957 k y0rusy50 ca
|
| 101 |
0 |
|
|a rus
|
| 102 |
|
|
|a RU
|
| 105 |
|
|
|a a z 000zy
|
| 200 |
1 |
|
|a Вариант схемы объединенной электроэнергетической системы Западной Сибири и Красноярского края
|f В. К. Щербаков, А. Т. Путилова, Р. С. Зайнуллина
|g Академия наук СССР (АН СССР), Западно-Сибирский филиал ; Транспортно-энергетический институт (ТЭИ) ; отв. ред. В. К. Щербаков
|
| 210 |
|
|
|a Новосибирск
|c Новосибирское кн. изд-во
|d 1957
|
| 215 |
|
|
|a 36 с.
|c ил.
|
| 606 |
1 |
|
|a Энергетические системы
|2 stltpush
|3 (RuTPU)RU\TPU\subj\21249
|9 46268
|
| 610 |
1 |
|
|a Западная Сибирь
|
| 610 |
1 |
|
|a Красноярский край
|
| 610 |
1 |
|
|a объединенные энергосистемы
|
| 610 |
1 |
|
|a гидроэнергетические ресурсы
|
| 610 |
1 |
|
|a электрические нагрузки
|
| 610 |
1 |
|
|a перспективы
|
| 610 |
1 |
|
|a перспективы развития
|
| 610 |
1 |
|
|a высоковольтные связи
|
| 610 |
1 |
|
|a схемы
|
| 610 |
1 |
|
|a варианты
|
| 675 |
|
|
|a 621.311
|v 4
|
| 700 |
|
1 |
|a Щербаков
|b В. К.
|g Василий Кузьмич
|
| 701 |
|
1 |
|a Путилова
|b А. Т.
|g Августа Тимофеевна
|
| 701 |
|
1 |
|a Зайнуллина
|b Р. С.
|g Раиса Салиховна
|
| 702 |
|
1 |
|a Щербаков
|b В. К.
|4 340
|
| 712 |
0 |
2 |
|a Академия наук СССР (АН СССР)
|b Западно-Сибирский филиал
|c (Новосибирск)
|2 stltpush
|3 (RuTPU)RU\TPU\col\3592
|
| 712 |
0 |
2 |
|a Транспортно-энергетический институт (ТЭИ)
|c (Новосибирск)
|c (1943-1963)
|2 stltpush
|3 (RuTPU)RU\TPU\col\15828
|
| 801 |
|
1 |
|a RU
|b 63413507
|c 20160406
|
| 801 |
|
2 |
|a RU
|b 63413507
|c 20171027
|g RCR
|
| 942 |
|
|
|c BK
|